02524 2201489 4500001002100000005001500021035002000036245005300056100002700109250000600136300001700142700001700159260003600176082001400212084002000226020001800246990000700264990000700271990000700278990000700285990000700292990000700299990000700306990000700313990000700320990000700327990000700334990000700341990000700348990000700355990000700362990000700369990000700376990000700383990000700390990000700397990000700404990000700411990000700418990000700425990000700432990000700439990000700446990000700453990000700460990000700467990000700474990000700481990000700488990000700495990000700502990000700509990000700516990000700523990000700530990000700537990000700544990000700551990000700558990000700565990000700572990000700579990000700586990000700593990000700600990000700607990000700614990000700621990000700628990000700635990000700642990000700649990000700656990000700663990000700670990000700677990000700684990000700691990000700698990000700705990000700712990000700719990000700726990000700733990000700740990000700747990000700754990000700761990000700768990000700775990000700782990000700789990000700796990000700803990000700810990000700817990000700824990000700831990000700838990000700845990000700852990000700859990000700866990000700873990000700880990000700887990000700894990000700901990000700908990000700915990000700922990000700929990000700936990000700943990000700950990000700957990000700964990000700971990000700978990000700985990000700992990000700999990000701006990000701013990000701020990000701027INLIS00000000000006820190115121427 a0010-01190000241 aSeri Petualangan Sherlock Holmes :bSilver Blaze0 aSir Arthur Conan Doyle a1 a112 ;c18 cm0 aIsti Pratiwi aJakarta :bPT. Buku Kita,c2007 a899.221'3 a899.221'3 SIR s a979-168-000-0 a65 a66 a67 a68 a69 a70 a71 a72 a73 a74 a74 a65 a66 a67 a68 a69 a70 a71 a72 a73 a73 a65 a66 a67 a68 a69 a70 a71 a72 a74 a72 a65 a66 a67 a68 a69 a70 a71 a73 a74 a71 a65 a66 a67 a68 a69 a70 a72 a73 a74 a70 a65 a66 a67 a68 a69 a71 a72 a73 a74 a69 a65 a66 a67 a68 a70 a71 a72 a73 a74 a68 a65 a66 a67 a69 a70 a71 a72 a73 a74 a67 a65 a66 a68 a69 a70 a71 a72 a73 a74 a66 a65 a67 a68 a69 a70 a71 a72 a73 a74 a65 a66 a67 a68 a69 a70 a71 a72 a73 a74